| 000 | 00718nam a2200241 a 4500 | ||
|---|---|---|---|
| 005 | 20210219152913.0 | ||
| 008 | 991125n 000 0 spa u | ||
| 035 | _aUPN01000066555 | ||
| 222 | _aREVISTA DE LA ESCUELA NORMAL SUPERIOR DE MEXICO | ||
| 245 | _aLos cambios en educación son necesariamente graduales | ||
| 300 | _a3-6 | ||
| 362 | _a1987 4a época, no. 10, ene.-feb. | ||
| 653 | 0 | _aALFABETIZACION | |
| 653 | 0 | _aCALIDAD EDUCATIVA | |
| 653 | 0 | _aCOLEGIO NACIONAL DE EDUCACION PROFESIONAL TECNICA (MEXICO) | |
| 653 | 0 | _aEDUCACION | |
| 653 | 0 | _aEDUCACION PRIMARIA | |
| 653 | 0 | _aEDUCACION SECUNDARIA | |
| 653 | 0 | _aEDUCACION TECNICA | |
| 653 | 0 | _aILCE | |
| 904 |
_aAC _b004366 |
||
| 905 | _aArticulo | ||
| 999 |
_c63541 _d63541 |
||